Tour de France 2017 riders - Statistics

General Stats
  • This quiz has been taken 16 times
  • The average score is 103 of 198
Answer Stats
Team # Country Rider % Correct
Trek-Segafredo 31 Alberto Contador
100%
Lotto Soudal 131 Andre Greipel
100%
Sky 1 Chris Froome
100%
BORA-hansgrohe 118 Juraj Sagan
100%
BORA-hansgrohe 111 Peter Sagan
100%
AG2R La Mondiale 11 Romain Bardet
100%
Movistar 29 Alejandro Valverde
90%
Katusha-Alpecin 125 Alexander Kristoff
90%
Quick-Step 105 Daniel Martin
90%
Dimension Data 92 Edvald Boasson Hagen
90%
BMC 48 Greg Van Avermaet
90%
Wanty-Groupe Gobert 201 Guillaume Martin
90%
Quick-Step 101 Marcel Kittel
90%
Sunweb 141 Michael Matthews
90%
Sky 5 Michal Kwiatkowski
90%
Movistar 21 Nairo Quintana
90%
FDJ 78 Thibaut Pinot
90%
Katusha-Alpecin 121 Tony Martin
90%
Astana 57 Alexey Lutsenko
80%
Trek-Segafredo 37 Bauke Mollema
80%
BORA-hansgrohe 113 Emmanuel Buchmann
80%
ORICA-Scott 81 Esteban Chaves
80%
Astana 51 Fabio Aru
80%
LottoNL-Jumbo 162 George Bennett
80%
Sky 9 Geraint Thomas
80%
UAE Emirates 61 Louis Meintjes
80%
Sky 8 Luke Rowe
80%
Dimension Data 91 Mark Cavendish
80%
Sky 6 Mikel Landa
80%
BMC 46 Nicolas Roche
80%
AG2R La Mondiale 18 Oliver Naesen
80%
LottoNL-Jumbo 166 Primoz Roglic
80%
BMC 41 Richie Porte
80%
Cannondale-Drapac 188 Rigoberto Uran
80%
ORICA-Scott 89 Simon Yates
80%
BMC 44 Stefan Kung
80%
Wanty-Groupe Gobert 206 Andrea Pasqualon
70%
FDJ 71 Arnaud Demare
70%
UAE Emirates 68 Ben Swift
70%
BMC 42 Damiano Caruso
70%
Fortuneo-Oscaro 211 Daniel McLay
70%
UAE Emirates 62 Darwin Atapuma
70%
LottoNL-Jumbo 163 Dylan Groenewegen
70%
Cannondale-Drapac 189 Dylan van Baarle
70%
Fortuneo-Oscaro 218 Eduardo Sepulveda
70%
Bahrain Merida 191 Ion Izagirre
70%
Movistar 27 Jesus Herrada
70%
Trek-Segafredo 33 John Degenkolb
70%
AG2R La Mondiale 17 Pierre Latour
70%
Cannondale-Drapac 181 Pierre Rolland
70%
BORA-hansgrohe 115 Rafal Majka
70%
Dimension Data 95 Reinardt Janse van Rensburg
70%
LottoNL-Jumbo 161 Robert Gesink
70%
ORICA-Scott 88 Roman Kreuziger
70%
FDJ 77 Rudy Molard
70%
Direct Energie 171 Thomas Voeckler
70%
Bahrain Merida 198 Tsgabu Grmay
70%
Sky 3 Vasil Kiryienka
70%
UAE Emirates 65 Vegard Stake Laengen
70%
Sunweb 143 Warren Barguil
70%
Bahrain Merida 192 Yukiya Arashiro
70%
Quick-Step 107 Zdenek Stybar
70%
Movistar 22 Andrey Amador
60%
Sky 4 Christian Knees
60%
Cofidis 154 Christophe Laporte
60%
ORICA-Scott 86 Daryl Impey
60%
FDJ 72 Davide Cimolai
60%
UAE Emirates 69 Diego Ulissi
60%
Wanty-Groupe Gobert 207 Dion Smith
60%
Trek-Segafredo 34 Fabio Felline
60%
Trek-Segafredo 39 Haimar Zubeldia
60%
FDJ 75 Ignatas Konovalovas
60%
Astana 53 Jakob Fuglsang
60%
AG2R La Mondiale 12 Jan Bakelants
60%
Lotto Soudal 132 Lars Ytting Bak
60%
Direct Energie 173 Lilian Calmejane
60%
Katusha-Alpecin 122 Marco Haller
60%
AG2R La Mondiale 14 Mathias Frank
60%
ORICA-Scott 82 Michael Albasini
60%
BMC 47 Michael Schar
60%
Astana 58 Michael Valgren
60%
Sky 7 Mikel Nieve
60%
Cofidis 151 Nacer Bouhanni
60%
Quick-Step 104 Philippe Gilbert
60%
Dimension Data 96 Serge Pauwels
60%
Lotto Soudal 135 Tony Gallopin
60%
Cannondale-Drapac 182 Alberto Bettiol
50%
AG2R La Mondiale 19 Alexis Vuillermoz
50%
BMC 45 Amael Moinard
50%
Astana 54 Andrey Grivko
50%
AG2R La Mondiale 13 Axel Domont
50%
AG2R La Mondiale 15 Ben Gastauer
50%
Cofidis 157 Daniel Navarro
50%
BMC 49 Danilo Wyss
50%
Astana 52 Dario Cataldo
50%
Trek-Segafredo 38 Jarlinson Pantano
50%
Movistar 28 Jasha Sutterlin
50%
ORICA-Scott 87 Jens Keukeleire
50%
Movistar 25 Jonathan Castroviejo
50%
Quick-Step 109 Julien Vermote
50%
Sunweb 147 Laurens ten Dam
50%
Fortuneo-Oscaro 217 Laurent Pichon
50%
ORICA-Scott 83 Luke Durbridge
50%
UAE Emirates 67 Manuele Mori
50%
Dimension Data 97 Mark Renshaw
50%
Katusha-Alpecin 124 Robert Kiserlovski
50%
Sky 2 Sergio Henao
50%
Sunweb 145 Simon Geschke
50%
Dimension Data 93 Steve Cummings
50%
Direct Energie 174 Sylvain Chavanel
50%
Lotto Soudal 134 Thomas De Gendt
50%
Katusha-Alpecin 127 Tiago Machado
50%
Lotto Soudal 139 Tim Wellens
50%
Wanty-Groupe Gobert 205 Yoann Offredo
50%
Lotto Soudal 136 Adam Hansen
40%
Direct Energie 176 Adrien Petit
40%
Astana 59 Andrey Zeits
40%
FDJ 79 Arthur Vichot
40%
Dimension Data 94 Bernhard Eisel
40%
Movistar 24 Carlos Betancur
40%
Movistar 23 Daniele Bennati
40%
Astana 55 Dmitriy Gruzdev
40%
Fortuneo-Oscaro 214 Elie Gesbert
40%
Cofidis 158 Florian Senechal
40%
Fortuneo-Oscaro 219 Florian Vachon
40%
Quick-Step 103 Gianluca Brambilla
40%
Bahrain Merida 193 Grega Bole
40%
Wanty-Groupe Gobert 208 Guillaume Van Keirsbulck
40%
Movistar 26 Imanol Erviti
40%
FDJ 74 Jacopo Guarnieri
40%
Cofidis 156 Luis Angel Mate
40%
BORA-hansgrohe 112 Maciej Bodnar
40%
UAE Emirates 66 Marco Marcato
40%
Quick-Step 108 Matteo Trentin
40%
Fortuneo-Oscaro 212 Maxime Bouet
40%
Cofidis 153 Nicolas Edet
40%
Katusha-Alpecin 128 Nils Politt
40%
FDJ 76 Olivier Le Gac
40%
Fortuneo-Oscaro 216 Pierre-Luc Perichon
40%
Katusha-Alpecin 129 Rick Zabel
40%
Direct Energie 178 Romain Sicard
40%
Direct Energie 175 Yohann Gene
40%
Sunweb 149 Albert Timmer
30%
BMC 43 Alessandro De Marchi
30%
Cannondale-Drapac 187 Andrew Talansky
30%
Direct Energie 179 Angelo Tulik
30%
Astana 56 Bakhtiyar Kozhatayev
30%
Bahrain Merida 194 Borut Bozic
30%
AG2R La Mondiale 16 Cyril Gautier
30%
Cofidis 155 Cyril Lemoine
30%
ORICA-Scott 85 Damien Howson
30%
Bahrain Merida 195 Janez Brajkovic
30%
Bahrain Merida 199 Javier Moreno
30%
BORA-hansgrohe 116 Jay McCarthy
30%
LottoNL-Jumbo 168 Jos van Emden
30%
Lotto Soudal 137 Jurgen Roelandts
30%
Trek-Segafredo 32 Koen de Kort
30%
UAE Emirates 64 Kristijan Durasek
30%
Lotto Soudal 138 Marcel Sieberg
30%
Wanty-Groupe Gobert 204 Marco Minnaard
30%
BORA-hansgrohe 114 Marcus Burghardt
30%
Trek-Segafredo 36 Markel Irizar
30%
ORICA-Scott 84 Mathew Hayman
30%
UAE Emirates 63 Matteo Bono
30%
Trek-Segafredo 35 Michael Gogl
30%
FDJ 73 Mickael Delage
30%
Sunweb 142 Nikias Arndt
30%
Bahrain Merida 196 Ondrej Cink
30%
LottoNL-Jumbo 165 Paul Martens
30%
BORA-hansgrohe 117 Pawel Poljanski
30%
Direct Energie 177 Perrig Quemeneur
30%
Wanty-Groupe Gobert 209 Pieter Vanspeybrouck
30%
Cannondale-Drapac 185 Simon Clarke
30%
Direct Energie 172 Thomas Boudat
30%
Lotto Soudal 133 Tiesj Benoot
30%
LottoNL-Jumbo 167 Timo Roosen
30%
Fortuneo-Oscaro 213 Brice Feillu
20%
Cofidis 152 Dimitri Claeys
20%
Wanty-Groupe Gobert 202 Frederik Backaert
20%
Quick-Step 102 Jack Bauer
20%
Dimension Data 99 Jaco Venter
20%
Cofidis 159 Julien Simon
20%
Katusha-Alpecin 126 Maurits Lammertink
20%
Sunweb 148 Mike Teunissen
20%
Cannondale-Drapac 183 Patrick Bevin
20%
Sunweb 146 Ramon Sinkeldam
20%
Katusha-Alpecin 123 Reto Hollenstein
20%
LottoNL-Jumbo 169 Robert Wagner
20%
Fortuneo-Oscaro 215 Romain Hardy
20%
Sunweb 144 Roy Curvers
20%
BORA-hansgrohe 119 Rudiger Selig
20%
Dimension Data 98 Scott Thwaites
20%
Bahrain Merida 197 Sonny Colbrelli
20%
Wanty-Groupe Gobert 203 Thomas Degand
20%
LottoNL-Jumbo 164 Tom Leezer
20%
Quick-Step 106 Fabio Sabatini
10%
Cannondale-Drapac 184 Nathan Brown
10%
Cannondale-Drapac 186 Taylor Phinney
10%
No matching quizzes found
Score Distribution
Percent of People with Each Score
Percentile by Number Answered
Your Score History
You have not taken this quiz